[Event "Villarobledo Online Qualifyer"]
[Site "playchess.com #155672"]
[Date "2009.05.23"]
[Round "11"]
[White "GMsKoRPioN"]
[Black "Lupi_linares"]
[Result "1-0"]
[WhiteElo "2464"]
[BlackElo "1809"]
[PlyCount "69"]
[EventDate "2009.05.23"]
[EventType "swiss (blitz)"]

1. d4 {[%emt 0:00:03]} d5 {[%emt 0:00:01]} 2. c4 {[%emt 0:00:02]} c6 {[%emt 0:
00:01]} 3. Nf3 {[%emt 0:00:01]} Nf6 {[%emt 0:00:01]} 4. Nc3 {[%emt 0:00:01]} e6
{[%emt 0:00:01]} 5. Bg5 {[%emt 0:00:08]} h6 {[%emt 0:00:02]} 6. Bh4 {[%emt 0:
00:01]} dxc4 {[%emt 0:00:02]} 7. e4 {[%emt 0:00:01]} g5 {[%emt 0:00:02]} 8. Bg3
{[%emt 0:00:01]} b5 {[%emt 0:00:01]} 9. e5 {[%emt 0:00:05]} Nd5 {[%emt 0:00:02]
} 10. Be2 {[%emt 0:00:02]} Bb4 {[%emt 0:00:04]} 11. Rc1 {[%emt 0:00:04]} Bb7 {
[%emt 0:00:07]} 12. O-O {[%emt 0:00:19]} Bxc3 {[%emt 0:00:02]} 13. bxc3 {[%emt
0:00:01]} h5 {[%emt 0:00:12]} 14. h4 {[%emt 0:00:01]} g4 {[%emt 0:00:02]} 15.
Nd2 {[%emt 0:00:01]} Nd7 {[%emt 0:00:04]} 16. Ne4 {[%emt 0:00:01]} Qb6 {[%emt
0:00:29]} 17. Nd6+ {[%emt 0:00:07]} Ke7 {[%emt 0:00:01]} 18. Qd2 {[%emt 0:00:
05]} Rag8 {[%emt 0:00:04]} 19. Kh2 {[%emt 0:00:03]} f5 {[%emt 0:00:09]} 20.
exf6+ {[%emt 0:00:15]} N7xf6 {[%emt 0:00:04]} 21. Rce1 {[%emt 0:00:04]} Bc8 {
[%emt 0:00:58]} 22. Bd1 {[%emt 0:00:03]} Qa5 {[%emt 0:00:06]} 23. Nxc8+ {[%emt
0:00:09]} Rxc8 {[%emt 0:00:03]} 24. Qe2 {[%emt 0:00:11]} Qxc3 {[%emt 0:00:23]}
25. Qxe6+ {[%emt 0:00:01]} Kf8 {[%emt 0:00:11]} 26. Bd6+ {[%emt 0:00:02]} Kg7 {
[%emt 0:00:01]} 27. Qf5 {[%emt 0:00:05]} Qd3 {[%emt 0:00:24]} 28. Qg5+ {[%emt
0:00:06]} Qg6 {[%emt 0:00:02]} 29. Qd2 {[%emt 0:00:10]} Ne4 {[%emt 0:00:15]}
30. Be5+ {[%emt 0:00:06]} Kh7 {[%emt 0:00:03]} 31. Qe2 {[%emt 0:00:03]} Rhf8 {
[%emt 0:00:04]} 32. Bc2 {[%emt 0:00:02]} Ndf6 {[%emt 0:00:03]} 33. Bxf6 {[%emt
0:00:01]} g3+ {[%emt 0:00:01]} 34. Kh1 {[%emt 0:00:05] .} Qxf6 {[%emt 0:00:01]}
35. Qxe4+ {[%emt 0:00:02] Tiempo} 1-0

[Event "Villarobledo Online Qualifyer"]
[Site "playchess.com #155672"]
[Date "2009.05.23"]
[Round "11"]
[White "MateJaque"]
[Black "Hakem_II"]
[Result "1-0"]
[WhiteElo "2142"]
[BlackElo "1919"]
[PlyCount "63"]
[EventDate "2009.05.23"]
[EventType "swiss (blitz)"]

1. e4 {[%emt 0:00:03]} d6 {[%emt 0:00:01]} 2. d4 {[%emt 0:00:02]} Nf6 {[%emt 0:
00:01]} 3. Nc3 {[%emt 0:00:02]} g6 {[%emt 0:00:01]} 4. Bg5 {[%emt 0:00:01]} Bg7
{[%emt 0:00:01]} 5. e5 {[%emt 0:00:01]} Nfd7 {[%emt 0:00:07]} 6. f4 {[%emt 0:
00:02]} O-O {[%emt 0:00:06]} 7. Bc4 {[%emt 0:00:04]} Nb6 {[%emt 0:00:13]} 8.
Bb3 {[%emt 0:00:01]} Nc6 {[%emt 0:00:06]} 9. d5 {[%emt 0:00:22]} Na5 {[%emt 0:
00:02]} 10. Nf3 {[%emt 0:00:16]} Bg4 {[%emt 0:00:04]} 11. e6 {[%emt 0:00:21]}
fxe6 {[%emt 0:00:05]} 12. dxe6 {[%emt 0:00:01]} Nxb3 {[%emt 0:00:02]} 13. axb3
{[%emt 0:00:01]} Bxe6 {[%emt 0:00:06]} 14. Qe2 {[%emt 0:00:02]} Qd7 {[%emt 0:
00:01]} 15. O-O {[%emt 0:00:05]} Rfe8 {[%emt 0:00:11]} 16. h3 {[%emt 0:00:07]}
Bf6 {[%emt 0:00:11]} 17. Rfe1 {[%emt 0:00:03]} Bf7 {[%emt 0:00:03]} 18. Rab1 {
[%emt 0:00:17]} a6 {[%emt 0:00:03]} 19. Bh6 {[%emt 0:00:06]} Nd5 {[%emt 0:00:
21]} 20. Ne4 {[%emt 0:00:05]} Bg7 {[%emt 0:00:03]} 21. Bxg7 {[%emt 0:00:05]}
Kxg7 {[%emt 0:00:02]} 22. Qd2 {[%emt 0:00:02]} Nf6 {[%emt 0:00:02]} 23. Qd4 {
[%emt 0:00:13]} c5 {[%emt 0:00:03]} 24. Qc3 {[%emt 0:00:06]} b6 {[%emt 0:00:23]
} 25. Nfg5 {[%emt 0:00:06]} d5 {[%emt 0:00:11]} 26. Nxf7 {[%emt 0:00:11]} Kxf7
{[%emt 0:00:15]} 27. Ng5+ {[%emt 0:00:01]} Kg8 {[%emt 0:00:13]} 28. Re5 {[%emt
0:00:05]} h6 {[%emt 0:00:33]} 29. Ne6 {[%emt 0:00:07]} Ne4 {[%emt 0:00:05]} 30.
Qd3 {[%emt 0:00:06]} Rad8 {[%emt 0:00:14]} 31. c4 {[%emt 0:00:10]} Nf6 {[%emt
0:00:08]} 32. Qxg6+ {[%emt 0:00:02] Hakem_II rinde} 1-0

[Event "Villarobledo Online Qualifyer"]
[Site "playchess.com #155672"]
[Date "2009.05.23"]
[Round "11"]
[White "CubaChessPraxis"]
[Black "Jebe"]
[Result "0-1"]
[WhiteElo "2118"]
[BlackElo "2006"]
[PlyCount "74"]
[EventDate "2009.05.23"]
[EventType "swiss (blitz)"]

1. d4 {[%emt 0:00:10]} Nf6 {[%emt 0:00:05]} 2. Nf3 {[%emt 0:00:01]} e6 {[%emt
0:00:01]} 3. Nbd2 {[%emt 0:00:06]} d5 {[%emt 0:00:02]} 4. e3 {[%emt 0:00:02]}
b6 {[%emt 0:00:01]} 5. Bd3 {[%emt 0:00:01]} Bb7 {[%emt 0:00:01]} 6. O-O {[%emt
0:00:02]} Nbd7 {[%emt 0:00:00]} 7. b3 {[%emt 0:00:01]} c5 {[%emt 0:00:02]} 8.
Bb2 {[%emt 0:00:01]} Be7 {[%emt 0:00:01]} 9. Ne5 {[%emt 0:00:05]} Nxe5 {[%emt
0:00:02]} 10. dxe5 {[%emt 0:00:02]} Nd7 {[%emt 0:00:01]} 11. f4 {[%emt 0:00:07]
} Qc7 {[%emt 0:00:01]} 12. a4 {[%emt 0:00:04]} f5 {[%emt 0:00:12]} 13. exf6 {
[%emt 0:00:04]} Bxf6 {[%emt 0:00:01]} 14. Bxf6 {[%emt 0:00:03]} Nxf6 {[%emt 0:
00:01]} 15. Qe2 {[%emt 0:00:08]} O-O {[%emt 0:00:08]} 16. g4 {[%emt 0:00:05]}
Ne4 {[%emt 0:00:34]} 17. Nxe4 {[%emt 0:00:04]} dxe4 {[%emt 0:00:00]} 18. Bc4 {
[%emt 0:00:01]} Bd5 {[%emt 0:00:01]} 19. Rad1 {[%emt 0:00:02]} Rad8 {[%emt 0:
00:02]} 20. g5 {[%emt 0:00:05]} Qf7 {[%emt 0:00:01]} 21. Bb5 {[%emt 0:00:18]}
Qf5 {[%emt 0:00:06]} 22. Rd2 {[%emt 0:00:05]} Bb7 {[%emt 0:00:07]} 23. Rfd1 {
[%emt 0:00:03]} Rxd2 {[%emt 0:00:02]} 24. Rxd2 {[%emt 0:00:02]} e5 {[%emt 0:00:
01]} 25. Bd7 {[%emt 0:00:06]} Qf7 {[%emt 0:00:12]} 26. f5 {[%emt 0:00:03]} Kh8
{[%emt 0:00:08]} 27. Be6 {[%emt 0:00:06]} Qe8 {[%emt 0:00:10]} 28. Qg4 {[%emt
0:00:15]} Bc8 {[%emt 0:00:07]} 29. Bxc8 {[%emt 0:00:18]} Qxc8 {[%emt 0:00:01]}
30. Qxe4 {[%emt 0:00:01]} Qe8 {[%emt 0:00:39]} 31. h4 {[%emt 0:00:08]} Qh5 {
[%emt 0:00:04]} 32. Kg2 {[%emt 0:00:06]} h6 {[%emt 0:00:16]} 33. g6 {[%emt 0:
00:04]} Kg8 {[%emt 0:00:19]} 34. Qd5+ {[%emt 0:00:37]} Kh8 {[%emt 0:00:04]} 35.
Qf3 {[%emt 0:00:02]} Qxh4 {[%emt 0:00:05]} 36. e4 {[%emt 0:00:04]} Qg5+ {[%emt
0:00:02]} 37. Kh3 {[%emt 0:00:04]} Qxd2 {[%emt 0:00:01] CubaChessPraxis rinde}
0-1

[Event "Villarobledo Online Qualifyer"]
[Site "playchess.com #155672"]
[Date "2009.05.23"]
[Round "11"]
[White "Dreistein"]
[Black "Secondwind"]
[Result "0-1"]
[WhiteElo "1876"]
[BlackElo "2254"]
[PlyCount "74"]
[EventDate "2009.05.23"]
[EventType "swiss (blitz)"]

1. d4 {[%emt 0:00:02]} d5 {[%emt 0:00:01]} 2. Nf3 {[%emt 0:00:01]} c6 {[%emt 0:
00:00]} 3. c4 {[%emt 0:00:01]} Nf6 {[%emt 0:00:00]} 4. e3 {[%emt 0:00:02]} a6 {
[%emt 0:00:01]} 5. c5 {[%emt 0:00:03]} Nbd7 {[%emt 0:00:05]} 6. Nc3 {[%emt 0:
00:03]} b6 {[%emt 0:00:02]} 7. cxb6 {[%emt 0:00:02]} Nxb6 {[%emt 0:00:01]} 8.
Bd3 {[%emt 0:00:02]} e6 {[%emt 0:00:01]} 9. O-O {[%emt 0:00:02]} c5 {[%emt 0:
00:01]} 10. dxc5 {[%emt 0:00:04]} Bxc5 {[%emt 0:00:00]} 11. Na4 {[%emt 0:00:02]
} Nxa4 {[%emt 0:00:02]} 12. Qxa4+ {[%emt 0:00:00]} Bd7 {[%emt 0:00:00]} 13. Qh4
{[%emt 0:00:02]} Bb5 {[%emt 0:00:07]} 14. Bxb5+ {[%emt 0:00:11]} axb5 {[%emt 0:
00:00]} 15. Nd4 {[%emt 0:00:01]} Qb6 {[%emt 0:00:06]} 16. Qg3 {[%emt 0:00:09]}
O-O {[%emt 0:00:02]} 17. Rd1 {[%emt 0:00:08]} Rfc8 {[%emt 0:00:03]} 18. b3 {
[%emt 0:00:05]} Ne4 {[%emt 0:00:06]} 19. Qe5 {[%emt 0:00:21]} Bd6 {[%emt 0:00:
04]} 20. Qh5 {[%emt 0:00:06]} g6 {[%emt 0:00:14]} 21. Qh3 {[%emt 0:00:10]} Nc3
{[%emt 0:00:15]} 22. Rd2 {[%emt 0:00:18]} Be5 {[%emt 0:00:15]} 23. Bb2 {[%emt
0:00:20]} Bxd4 {[%emt 0:00:07]} 24. exd4 {[%emt 0:00:07]} Ne4 {[%emt 0:00:05]}
25. Rd3 {[%emt 0:00:13]} Rc2 {[%emt 0:00:02]} 26. Bc1 {[%emt 0:00:23]} Nxf2 {
[%emt 0:00:11]} 27. Qf3 {[%emt 0:00:18]} Nxd3 {[%emt 0:00:02]} 28. Qxd3 {[%emt
0:00:02]} Rac8 {[%emt 0:00:03]} 29. Bh6 {[%emt 0:00:02]} Qc7 {[%emt 0:00:24]}
30. Qf3 {[%emt 0:00:07]} f5 {[%emt 0:00:03]} 31. Qe3 {[%emt 0:00:06]} Kf7 {
[%emt 0:00:09]} 32. a4 {[%emt 0:00:11]} b4 {[%emt 0:00:17]} 33. h4 {[%emt 0:00:
04]} Qc3 {[%emt 0:00:03]} 34. Qe5 {[%emt 0:00:10]} Qxa1+ {[%emt 0:00:03]} 35.
Kh2 {[%emt 0:00:01]} Rxg2+ {[%emt 0:00:14] '} 36. Kxg2 {[%emt 0:00:02]} Rc2+ {
[%emt 0:00:01]} 37. Kf3 {[%emt 0:00:05]} Qf1+ {[%emt 0:00:07] Dreistein gibt
auf} 0-1

[Event "Villarobledo Online Qualifyer"]
[Site "playchess.com #155672"]
[Date "2009.05.23"]
[Round "11"]
[White "Q2w3e"]
[Black "Miras"]
[Result "0-1"]
[WhiteElo "1592"]
[BlackElo "1713"]
[PlyCount "70"]
[EventDate "2009.05.23"]
[EventType "swiss (blitz)"]

1. c4 {[%emt 0:00:01]} Nf6 {[%emt 0:00:02]} 2. Nc3 {[%emt 0:00:01]} c5 {[%emt
0:00:02]} 3. g3 {[%emt 0:00:02]} b6 {[%emt 0:00:00]} 4. Bg2 {[%emt 0:00:01]}
Nc6 {[%emt 0:00:00]} 5. Nf3 {[%emt 0:00:02]} Bb7 {[%emt 0:00:00]} 6. O-O {
[%emt 0:00:01]} g6 {[%emt 0:00:00]} 7. d4 {[%emt 0:00:04]} cxd4 {[%emt 0:00:04]
} 8. Nxd4 {[%emt 0:00:00]} Bg7 {[%emt 0:00:00]} 9. Nxc6 {[%emt 0:00:20]} Bxc6 {
[%emt 0:00:01]} 10. Bxc6 {[%emt 0:00:02]} dxc6 {[%emt 0:00:01]} 11. Bg5 {[%emt
0:00:16]} O-O {[%emt 0:00:08]} 12. Rc1 {[%emt 0:00:07]} Qc7 {[%emt 0:00:09]}
13. Qc2 {[%emt 0:00:19]} h6 {[%emt 0:00:02]} 14. Bd2 {[%emt 0:00:41]} Rfd8 {
[%emt 0:00:07]} 15. b3 {[%emt 0:00:04]} Rd7 {[%emt 0:00:11]} 16. Rfd1 {[%emt 0:
00:03]} Rad8 {[%emt 0:00:02]} 17. Bf4 {[%emt 0:00:19]} e5 {[%emt 0:00:02]} 18.
Rxd7 {[%emt 0:00:02]} Nxd7 {[%emt 0:00:04]} 19. Be3 {[%emt 0:00:07]} Nf8 {
[%emt 0:00:07]} 20. Rd1 {[%emt 0:00:03]} Ne6 {[%emt 0:00:05]} 21. Rxd8+ {[%emt
0:00:43]} Qxd8 {[%emt 0:00:00]} 22. Qd2 {[%emt 0:00:02]} Qxd2 {[%emt 0:00:05]}
23. Bxd2 {[%emt 0:00:00]} f5 {[%emt 0:00:04]} 24. Kg2 {[%emt 0:00:03]} Kf7 {
[%emt 0:00:02]} 25. h4 {[%emt 0:00:02]} e4 {[%emt 0:00:13]} 26. e3 {[%emt 0:00:
09]} Nc5 {[%emt 0:00:10]} 27. Kf1 {[%emt 0:00:09]} Ke6 {[%emt 0:00:08]} 28. Ke2
{[%emt 0:00:02]} Be5 {[%emt 0:00:19] '} 29. Nd1 {[%emt 0:00:04]} Nd3 {[%emt 0:
00:12]} 30. Bc3 {[%emt 0:00:06]} Nc1+ {[%emt 0:00:03]} 31. Kd2 {[%emt 0:00:03]}
Nxa2 {[%emt 0:00:01]} 32. Bxe5 {[%emt 0:00:02]} Kxe5 {[%emt 0:00:00]} 33. Kc2 {
[%emt 0:00:03]} Nb4+ {[%emt 0:00:02]} 34. Kd2 {[%emt 0:00:01]} a5 {[%emt 0:00:
08]} 35. Nc3 {[%emt 0:00:03]} Nd3 {[%emt 0:00:03] Zeit} 0-1

[Event "Villarobledo Online Qualifyer"]
[Site "playchess.com #155672"]
[Date "2009.05.23"]
[Round "11"]
[White "Torre repetto 2"]
[Black "fritaldbx"]
[Result "1-0"]
[WhiteElo "1589"]
[BlackElo "1324"]
[PlyCount "105"]
[EventDate "2009.05.23"]
[EventType "swiss (blitz)"]

1. e4 {[%emt 0:00:02]} c5 {[%emt 0:00:02]} 2. Nf3 {[%emt 0:00:03]} a6 {[%emt 0:
00:09]} 3. d4 {[%emt 0:00:01]} cxd4 {[%emt 0:00:02]} 4. Nxd4 {[%emt 0:00:01]}
Nc6 {[%emt 0:00:01]} 5. Be3 {[%emt 0:00:03]} Nf6 {[%emt 0:00:04]} 6. Nc3 {
[%emt 0:00:02]} e6 {[%emt 0:00:09]} 7. a4 {[%emt 0:00:03]} Bb4 {[%emt 0:00:04]}
8. Bd3 {[%emt 0:00:17]} O-O {[%emt 0:00:07]} 9. O-O {[%emt 0:00:02]} d5 {[%emt
0:00:30]} 10. exd5 {[%emt 0:00:09]} Bxc3 {[%emt 0:00:14]} 11. bxc3 {[%emt 0:00:
04]} Nxd4 {[%emt 0:00:10]} 12. Bxd4 {[%emt 0:00:17]} exd5 {[%emt 0:00:16]} 13.
c4 {[%emt 0:00:03]} dxc4 {[%emt 0:00:11]} 14. Bxf6 {[%emt 0:00:02]} Qxf6 {
[%emt 0:00:08]} 15. Bxc4 {[%emt 0:00:01]} Be6 {[%emt 0:00:07]} 16. Bb3 {[%emt
0:00:11]} Rfd8 {[%emt 0:00:07]} 17. Qe2 {[%emt 0:00:06]} b5 {[%emt 0:00:16]}
18. axb5 {[%emt 0:00:05]} Bxb3 {[%emt 0:00:08]} 19. cxb3 {[%emt 0:00:01]} axb5
{[%emt 0:00:04]} 20. Rxa8 {[%emt 0:00:03]} Rxa8 {[%emt 0:00:04]} 21. Qxb5 {
[%emt 0:00:01]} g6 {[%emt 0:00:10]} 22. h3 {[%emt 0:00:08]} Ra1 {[%emt 0:00:15]
} 23. Rxa1 {[%emt 0:00:01]} Qxa1+ {[%emt 0:00:03]} 24. Kh2 {[%emt 0:00:00]} Qb2
{[%emt 0:00:04]} 25. f3 {[%emt 0:00:14]} Kg7 {[%emt 0:00:03]} 26. f4 {[%emt 0:
00:08]} h5 {[%emt 0:00:04]} 27. Qe5+ {[%emt 0:00:02]} Qxe5 {[%emt 0:00:09]} 28.
fxe5 {[%emt 0:00:01]} Kf8 {[%emt 0:00:02]} 29. Kg3 {[%emt 0:00:02]} Ke7 {[%emt
0:00:05]} 30. Kf4 {[%emt 0:00:01]} Kd7 {[%emt 0:00:03]} 31. Kg5 {[%emt 0:00:02]
} Ke6 {[%emt 0:00:03]} 32. b4 {[%emt 0:00:04]} Kxe5 {[%emt 0:00:02]} 33. b5 {
[%emt 0:00:01]} Kd6 {[%emt 0:00:01]} 34. b6 {[%emt 0:00:06]} Kc6 {[%emt 0:00:
03]} 35. b7 {[%emt 0:00:04]} Kxb7 {[%emt 0:00:01]} 36. Kf6 {[%emt 0:00:00]} Kc6
{[%emt 0:00:01]} 37. Kxf7 {[%emt 0:00:00]} Kd5 {[%emt 0:00:01]} 38. Kxg6 {
[%emt 0:00:01]} Ke4 {[%emt 0:00:01]} 39. Kxh5 {[%emt 0:00:01]} Kf4 {[%emt 0:00:
01]} 40. h4 {[%emt 0:00:06]} Kg3 {[%emt 0:00:02]} 41. Kg5 {[%emt 0:00:01]} Kxg2
{[%emt 0:00:01]} 42. h5 {[%emt 0:00:00]} Kf3 {[%emt 0:00:01]} 43. h6 {[%emt 0:
00:00]} Ke4 {[%emt 0:00:01]} 44. h7 {[%emt 0:00:00]} Kd5 {[%emt 0:00:01]} 45.
h8=Q {[%emt 0:00:00]} Kc6 {[%emt 0:00:01]} 46. Qd4 {[%emt 0:00:04]} Kc7 {[%emt
0:00:01]} 47. Qd5 {[%emt 0:00:01]} Kb8 {[%emt 0:00:02]} 48. Qf7 {[%emt 0:00:02]
} Kc8 {[%emt 0:00:01]} 49. Kf5 {[%emt 0:00:00]} Kd8 {[%emt 0:00:01]} 50. Ke5 {
[%emt 0:00:00]} Kc8 {[%emt 0:00:01]} 51. Kd6 {[%emt 0:00:01]} Kb8 {[%emt 0:00:
01]} 52. Kc6 {[%emt 0:00:01]} Ka8 {[%emt 0:00:01]} 53. Qb7# {[%emt 0:00:01]}
1-0

[Event "Villarobledo Online Qualifyer"]
[Site "playchess.com #155672"]
[Date "2009.05.23"]
[Round "11"]
[White "Altruder"]
[Black "acepoint"]
[Result "0-1"]
[WhiteElo "1709"]
[BlackElo "1851"]
[PlyCount "134"]
[EventDate "2009.05.23"]
[EventType "swiss (blitz)"]

1. d4 {[%emt 0:00:02]} Nf6 {[%emt 0:00:04]} 2. c4 {[%emt 0:00:01]} e6 {[%emt 0:
00:02]} 3. Nc3 {[%emt 0:00:01]} Bb4 {[%emt 0:00:01]} 4. Qc2 {[%emt 0:00:01]}
O-O {[%emt 0:00:02]} 5. a3 {[%emt 0:00:01]} Bxc3+ {[%emt 0:00:02]} 6. Qxc3 {
[%emt 0:00:00]} b6 {[%emt 0:00:01]} 7. f3 {[%emt 0:00:02]} Ba6 {[%emt 0:00:02]}
8. e3 {[%emt 0:00:02]} d5 {[%emt 0:00:02]} 9. Bd3 {[%emt 0:00:02]} Nbd7 {[%emt
0:00:04]} 10. Ne2 {[%emt 0:00:02]} Rc8 {[%emt 0:00:02]} 11. b4 {[%emt 0:00:03]}
c5 {[%emt 0:00:03]} 12. cxd5 {[%emt 0:00:05]} cxd4 {[%emt 0:00:19]} 13. Qxd4 {
[%emt 0:00:02]} Bxd3 {[%emt 0:00:01]} 14. Qxd3 {[%emt 0:00:01]} Nxd5 {[%emt 0:
00:02]} 15. O-O {[%emt 0:00:03]} Qf6 {[%emt 0:00:11]} 16. Bd2 {[%emt 0:00:09]}
Ne5 {[%emt 0:00:04]} 17. Qd4 {[%emt 0:00:07]} Nc4 {[%emt 0:00:04]} 18. Bc3 {
[%emt 0:00:12]} Rfd8 {[%emt 0:00:09]} 19. Qxf6 {[%emt 0:00:07]} gxf6 {[%emt 0:
00:11]} 20. e4 {[%emt 0:00:01]} Nxc3 {[%emt 0:00:07]} 21. Nxc3 {[%emt 0:00:02]}
Ne3 {[%emt 0:00:25]} 22. Rfc1 {[%emt 0:00:04]} Rd2 {[%emt 0:00:03]} 23. Ra2 {
[%emt 0:00:01]} Rxa2 {[%emt 0:00:10]} 24. Nxa2 {[%emt 0:00:01]} Rxc1+ {[%emt 0:
00:01]} 25. Nxc1 {[%emt 0:00:01]} Nc2 {[%emt 0:00:01]} 26. Nb3 {[%emt 0:00:11]}
Nxa3 {[%emt 0:00:02]} 27. Kf2 {[%emt 0:00:03]} Kf8 {[%emt 0:00:10]} 28. Ke2 {
[%emt 0:00:01]} Ke7 {[%emt 0:00:01]} 29. Kd3 {[%emt 0:00:01]} Kd6 {[%emt 0:00:
02]} 30. Kd4 {[%emt 0:00:01]} Nc2+ {[%emt 0:00:05]} 31. Kc3 {[%emt 0:00:02]}
Ne1 {[%emt 0:00:01]} 32. Nd4 {[%emt 0:00:09]} a6 {[%emt 0:00:11]} 33. g3 {
[%emt 0:00:05]} e5 {[%emt 0:00:24]} 34. Nf5+ {[%emt 0:00:01]} Kc6 {[%emt 0:00:
03]} 35. f4 {[%emt 0:00:01]} Nf3 {[%emt 0:00:10]} 36. h3 {[%emt 0:00:03]} Nd4 {
[%emt 0:00:15]} 37. Nxd4+ {[%emt 0:00:02]} exd4+ {[%emt 0:00:01]} 38. Kxd4 {
[%emt 0:00:00]} a5 {[%emt 0:00:01]} 39. bxa5 {[%emt 0:00:03]} bxa5 {[%emt 0:00:
01]} 40. Kc4 {[%emt 0:00:01]} a4 {[%emt 0:00:02]} 41. Kb4 {[%emt 0:00:01]} a3 {
[%emt 0:00:01]} 42. Kxa3 {[%emt 0:00:01]} Kc5 {[%emt 0:00:01]} 43. Kb3 {[%emt
0:00:01]} Kd4 {[%emt 0:00:01]} 44. Kc2 {[%emt 0:00:20]} Kxe4 {[%emt 0:00:02]}
45. Kd2 {[%emt 0:00:00]} Kf3 {[%emt 0:00:01]} 46. Kd3 {[%emt 0:00:01]} Kxg3 {
[%emt 0:00:01]} 47. Ke4 {[%emt 0:00:00]} Kxh3 {[%emt 0:00:02]} 48. Kf5 {[%emt
0:00:00]} Kg3 {[%emt 0:00:03]} 49. Kxf6 {[%emt 0:00:01]} h5 {[%emt 0:00:02]}
50. Kg5 {[%emt 0:00:01]} h4 {[%emt 0:00:01]} 51. f5 {[%emt 0:00:01]} h3 {[%emt
0:00:01]} 52. Kf6 {[%emt 0:00:01]} h2 {[%emt 0:00:01]} 53. Kxf7 {[%emt 0:00:00]
} h1=Q {[%emt 0:00:01]} 54. f6 {[%emt 0:00:00]} Qb7+ {[%emt 0:00:14]} 55. Kg8 {
[%emt 0:00:03]} Qc8+ {[%emt 0:00:02]} 56. Kg7 {[%emt 0:00:01]} Qg4+ {[%emt 0:
00:03]} 57. Kf8 {[%emt 0:00:02]} Qb4+ {[%emt 0:00:09]} 58. Kg7 {[%emt 0:00:02]}
Qd4 {[%emt 0:00:03]} 59. Kg6 {[%emt 0:00:13]} Kg4 {[%emt 0:00:07]} 60. f7 {
[%emt 0:00:01]} Qh8 {[%emt 0:00:04]} 61. f8=Q {[%emt 0:00:04]} Qxf8 {[%emt 0:
00:01]} 62. Kh7 {[%emt 0:00:03]} Qf7+ {[%emt 0:00:02]} 63. Kh8 {[%emt 0:00:01]}
Qf5 {[%emt 0:00:03]} 64. Kg7 {[%emt 0:00:01]} Kg5 {[%emt 0:00:03]} 65. Kh8 {
[%emt 0:00:00]} Qd7 {[%emt 0:00:02]} 66. Kg8 {[%emt 0:00:02]} Kg6 {[%emt 0:00:
01]} 67. Kh8 {[%emt 0:00:00]} Qg7# {[%emt 0:00:01]} 0-1

[Event "Villarobledo Online Qualifyer"]
[Site "playchess.com #155672"]
[Date "2009.05.23"]
[Round "11"]
[White "Buster hyman"]
[Black "Eddie"]
[Result "1-0"]
[WhiteElo "1718"]
[BlackElo "1911"]
[PlyCount "75"]
[EventDate "2009.05.23"]
[EventType "swiss (blitz)"]

1. e4 {[%emt 0:00:01]} Nf6 {[%emt 0:00:01]} 2. e5 {[%emt 0:00:02]} Nd5 {[%emt
0:00:01]} 3. Qf3 {[%emt 0:00:01]} Nb6 {[%emt 0:00:09]} 4. Nc3 {[%emt 0:00:04]}
Nc6 {[%emt 0:00:03]} 5. Qe2 {[%emt 0:00:04]} d5 {[%emt 0:00:10]} 6. exd6 {
[%emt 0:00:05]} cxd6 {[%emt 0:00:00]} 7. g3 {[%emt 0:00:12]} e5 {[%emt 0:00:03]
} 8. Bg2 {[%emt 0:00:01]} g6 {[%emt 0:00:05]} 9. a4 {[%emt 0:00:04]} a5 {[%emt
0:00:13]} 10. Nb5 {[%emt 0:00:08]} Bg7 {[%emt 0:00:04]} 11. c3 {[%emt 0:00:01]}
O-O {[%emt 0:00:01]} 12. d3 {[%emt 0:00:05]} d5 {[%emt 0:00:04]} 13. Be3 {
[%emt 0:00:20]} d4 {[%emt 0:00:04]} 14. cxd4 {[%emt 0:00:03]} exd4 {[%emt 0:00:
02]} 15. Bf4 {[%emt 0:00:36]} Re8 {[%emt 0:00:07]} 16. Be4 {[%emt 0:00:01]} f5
{[%emt 0:00:04]} 17. Bc7 {[%emt 0:00:09]} Qd7 {[%emt 0:00:30]} 18. Bxb6 {[%emt
0:00:15]} fxe4 {[%emt 0:00:02]} 19. O-O-O {[%emt 0:00:02]} exd3 {[%emt 0:00:13]
} 20. Qxd3 {[%emt 0:00:03]} Qd5 {[%emt 0:00:34]} 21. Ne2 {[%emt 0:00:17]} Bf5 {
[%emt 0:00:11]} 22. Nec3 {[%emt 0:00:14]} Qb3 {[%emt 0:00:53]} 23. Qd2 {[%emt
0:00:13] .} dxc3 {[%emt 0:00:04]} 24. Nxc3 {[%emt 0:00:06]} Rad8 {[%emt 0:00:
05]} 25. Bxd8 {[%emt 0:00:04]} Nxd8 {[%emt 0:00:03]} 26. Qd5+ {[%emt 0:00:10]}
Qxd5 {[%emt 0:00:04]} 27. Rxd5 {[%emt 0:00:00]} Nc6 {[%emt 0:00:01]} 28. Rhd1 {
[%emt 0:00:06]} Nb4 {[%emt 0:00:01]} 29. Rd8 {[%emt 0:00:02]} Na2+ {[%emt 0:00:
01]} 30. Nxa2 {[%emt 0:00:04]} Kf7 {[%emt 0:00:04]} 31. Rxe8 {[%emt 0:00:02]}
Kxe8 {[%emt 0:00:00]} 32. Nc3 {[%emt 0:00:01]} Ke7 {[%emt 0:00:01]} 33. f4 {
[%emt 0:00:02]} Bg4 {[%emt 0:00:02]} 34. Rd5 {[%emt 0:00:02]} Be6 {[%emt 0:00:
02]} 35. Rxa5 {[%emt 0:00:02]} Bb3 {[%emt 0:00:01]} 36. Ra7 {[%emt 0:00:05]}
Bf6 {[%emt 0:00:03]} 37. Rxb7+ {[%emt 0:00:02]} Kd6 {[%emt 0:00:01]} 38. Rxb3 {
[%emt 0:00:01] Eddie gibt auf} 1-0

[Event "Villarobledo Online Qualifyer"]
[Site "playchess.com #155672"]
[Date "2009.05.23"]
[Round "11"]
[White "Steflenicois"]
[Black "Ozmarabagi"]
[Result "0-1"]
[WhiteElo "2446"]
[BlackElo "1937"]
[PlyCount "86"]
[EventDate "2009.05.23"]
[EventType "swiss (blitz)"]

1. e4 {[%emt 0:00:04]} c5 {[%emt 0:00:05]} 2. Nf3 {[%emt 0:00:01]} d6 {[%emt 0:
00:05]} 3. d4 {[%emt 0:00:03]} cxd4 {[%emt 0:00:04]} 4. Nxd4 {[%emt 0:00:00]}
Nf6 {[%emt 0:00:04]} 5. Nc3 {[%emt 0:00:04]} Nc6 {[%emt 0:00:04]} 6. Bg5 {
[%emt 0:00:03]} Qb6 {[%emt 0:00:04]} 7. Nb3 {[%emt 0:00:06]} e6 {[%emt 0:00:10]
} 8. Qd2 {[%emt 0:00:01]} Be7 {[%emt 0:00:09]} 9. Be3 {[%emt 0:00:05]} Qc7 {
[%emt 0:00:10]} 10. O-O-O {[%emt 0:00:02]} a5 {[%emt 0:00:06]} 11. Kb1 {[%emt
0:00:03]} O-O {[%emt 0:00:05]} 12. f3 {[%emt 0:00:03]} a4 {[%emt 0:00:10]} 13.
Nd4 {[%emt 0:00:02]} Nxd4 {[%emt 0:00:05]} 14. Bxd4 {[%emt 0:00:00]} Bd7 {
[%emt 0:00:05]} 15. g4 {[%emt 0:00:13]} e5 {[%emt 0:00:05]} 16. Be3 {[%emt 0:
00:02]} Be6 {[%emt 0:00:04]} 17. h4 {[%emt 0:00:03]} Rfc8 {[%emt 0:00:06]} 18.
g5 {[%emt 0:00:02]} Nh5 {[%emt 0:00:05]} 19. Nb5 {[%emt 0:00:06]} Qd7 {[%emt 0:
00:05]} 20. Nxd6 {[%emt 0:00:06]} Rd8 {[%emt 0:00:06]} 21. Nc4 {[%emt 0:00:05]}
Qc7 {[%emt 0:00:05]} 22. Qc1 {[%emt 0:00:07]} Bxc4 {[%emt 0:00:06]} 23. Bh3 {
[%emt 0:00:18]} Nf4 {[%emt 0:00:07]} 24. Bxf4 {[%emt 0:00:05]} exf4 {[%emt 0:
00:04]} 25. h5 {[%emt 0:00:21]} Be2 {[%emt 0:00:06]} 26. Rxd8+ {[%emt 0:00:08]}
Rxd8 {[%emt 0:00:05]} 27. g6 {[%emt 0:00:01]} Bxf3 {[%emt 0:00:08]} 28. Rg1 {
[%emt 0:00:03]} Bxe4 {[%emt 0:00:06]} 29. gxf7+ {[%emt 0:00:02]} Kxf7 {[%emt 0:
00:06]} 30. h6 {[%emt 0:00:21]} gxh6 {[%emt 0:00:05]} 31. Rf1 {[%emt 0:00:02]}
f3 {[%emt 0:00:06]} 32. Rf2 {[%emt 0:00:39]} Qg3 {[%emt 0:00:14]} 33. Qf1 {
[%emt 0:00:06]} Qxf2 {[%emt 0:00:10]} 34. Qc4+ {[%emt 0:00:01]} Kg7 {[%emt 0:
00:20]} 35. a3 {[%emt 0:00:27] .} Qe1+ {[%emt 0:00:03]} 36. Ka2 {[%emt 0:00:01]
} Bd5 {[%emt 0:00:01]} 37. Be6 {[%emt 0:00:00]} Bxc4+ {[%emt 0:00:02]} 38. Bxc4
{[%emt 0:00:00]} Rd6 {[%emt 0:00:01]} 39. b4 {[%emt 0:00:02]} Rc6 {[%emt 0:00:
01]} 40. Bd3 {[%emt 0:00:01]} Qd2 {[%emt 0:00:02]} 41. Kb2 {[%emt 0:00:01]}
Bf6+ {[%emt 0:00:01]} 42. Ka2 {[%emt 0:00:01]} Rxc2+ {[%emt 0:00:02]} 43. Kb1 {
[%emt 0:00:02]} Qc1# {[%emt 0:00:03]} 0-1